OUTSIDERS ECONOMIC REFORM AND INFORMAL L (Record no. 17412)
[ view plain ]
| 000 -LEADER | |
|---|---|
| fixed length control field | 00355nam a2200133Ia 4500 |
| 008 - FIXED-LENGTH DATA ELEMENTS--GENERAL INFORMATION | |
| fixed length control field | 240624s9999 xx 000 0 und d |
| 041 ## - LANGUAGE CODE | |
| Language code of text/sound track or separate title | eng |
| 082 ## - DEWEY DECIMAL CLASSIFICATION NUMBER | |
| Classification number | 338.954 MAR |
| 100 ## - MAIN ENTRY--PERSONAL NAME | |
| Personal name | MARJIT SUGATA |
| 245 ## - TITLE STATEMENT | |
| Title | OUTSIDERS ECONOMIC REFORM AND INFORMAL L |
| 260 ## - PUBLICATION, DISTRIBUTION, ETC. | |
| Date of publication, distribution, etc. | 2011 |
| Place of publication, distribution, etc. | New Delhi |
| Name of publisher, distributor, etc. | Oxford University Press |
| 300 ## - PHYSICAL DESCRIPTION | |
| Extent | 218 : p. : cm. ; 22 |
| 365 ## - TRADE PRICE | |
| Currency code | RS |
| Withdrawn status | Lost status | Damaged status | Not for loan | Home library | Current library | Shelving location | Date acquired | Source of acquisition | Cost, normal purchase price | Full call number | Barcode | Date last seen | Copy number | Price effective from | Koha item type |
|---|---|---|---|---|---|---|---|---|---|---|---|---|---|---|---|
| IMTN | IMTN | Rack 14-A | 07/27/2011 | IBH | 695.00 | 338.954 MAR | 17412 | 06/24/2024 | 1 | 06/24/2024 | Books |